000 00587cam a22002171 4500
001 ne 66001886
003 DLC
005 20260227111827.0
008 900423s1965 ua a 000 1 arar
010 _ane 66001886
025 _aPL480:UAR-7690
035 _a(OCoLC)21418798
040 _aDLC
_cWaU
_dDLC
042 _apremarc
050 0 0 _aPJ7862.I35
_bL28
100 1 _aSibāʻī, Yūsuf.
245 1 0 _aLayālin wa-dumūʻ
_c[taʼlīf] Yūsuf al-Sibāʻī.
260 _aMiṣr,
_bMuʼassasat al-Khānjī
_c[1965]
300 _a199 p.
_billus.
_c20 cm.
500 _aShort stories.
999 _c49198
_d49198